书目信息 |
| 题名: |
民国人物传
|
|
| 作者: | 严如平 , 宗志文 主编 ;李新校阅 | |
| 分册: | 第五卷 | |
| 出版信息: | 北京 中华书局 1997 |
|
| 页数: | 372页 | |
| 开本: | 19cm | |
| 丛书名: | 中华民国史资料丛稿 | |
| 单 册: | ||
| 中图分类: | K820.6 | |
| 科图分类: | ||
| 主题词: | 历史人物--列传--中国--民国 | |
| 电子资源: | ||
| ISBN: | ||
| 000 | 00748nam0 2200265 45 | |
| 001 | 0198001702 | |
| 005 | 20060425112051.21 | |
| 010 | @dCNY2.05 | |
| 091 | @a11018.1346 | |
| 100 | @a19971225d1986 kemy0chiy0121 ea | |
| 101 | 0 | @achi |
| 102 | @aCN@b110000 | |
| 105 | @ay z 001yc | |
| 200 | 10 | @a民国人物传@Amin guo ren wu zhuan@h第五卷@f严如平,宗志文主编@g李新校阅 |
| 210 | @d1997@a北京@c中华书局 | |
| 215 | @a372页@d19cm | |
| 225 | 2 | @a中华民国史资料丛稿 |
| 410 | 0 | @120010@a中华民国史资料丛稿 |
| 606 | @a历史人物@x列传@y中国@z民国 | |
| 690 | @aK820.6@v3 | |
| 701 | 0 | @a严如平@Ayan ru ping@4主编 |
| 701 | 0 | @a宗志文@Azong zhi wen@4主编 |
| 702 | 0 | @a李新校阅@ALi Xin Xiao Yue |
| 801 | @aCN@bTSTC@c20060425 | |
| 905 | @dK820.6@e1:5 | |
| 民国人物传.第五卷/严如平,宗志文主编/李新校阅.-1997;北京:中华书局 |
| 372页;19cm.-(中华民国史资料丛稿) |
| ISBN :CNY2.05 |
| ● |
| 相关链接 |
|
|
|
|
正题名:民国人物传
索取号:K820.6/1:5
 
预约/预借
| 序号 | 登录号 | 条形码 | 馆藏地/架位号 | 状态 | 备注 |
| 1 | 0169916 | 001616264 | 密集书库/ [索取号:K820.6/1:5] | 在馆 | |
| 2 | 0169917 | 202287408 | 密集书库/ [索取号:K820.6/1:5] | 在馆 | |
| 3 | 0169918 | 001414874 | 第二样本阅览室/ [索取号:K820.6/1:5] | 在馆 |